Catálogo
 En Linea

La demografia y los recursos humanos del sur del Peru, / (Registro nro. 13914)

Detalles MARC
000 -CABECERA
campo de control de longitud fija 00783nam a22002411 4500
001 - NÚMERO DE CONTROL
campo de control 000014319
005 - FECHA Y HORA DE LA ÚLTIMA TRANSACCIÓN
campo de control 20200929163554.0
008 - DATOS DE LONGITUD FIJA--INFORMACIÓN GENERAL
campo de control de longitud fija 770517s1967 mx b 000 0 spa
010 ## - NÚMERO DE CONTROL DE LA BIBLIOTECA DEL CONGRESO
Número de control de LC 76221462
040 ## - FUENTE DE LA CATALOGACIÓN
Centro catalogador/agencia de origen DO-SdBNP
Centro/agencia transcriptor DLC
Centro/agencia modificador DLC
043 ## - CÓDIGO DE ÁREA GEOGRÁFICA
Código de área geográfica s-pe---
050 00 - SIGNATURA TOPOGRÁFICA DE LA BIBLIOTECA DEL CONGRESO
Número de clasificación HB3575
Número de documento/Ítem .S33
082 00 - NÚMERO DE LA CLASIFICACIÓN DECIMAL DEWEY
Número de clasificación 301.3/29/85
100 1# - ENTRADA PRINCIPAL--NOMBRE DE PERSONA
Nombre de persona Schaedel, Richard P.
9 (RLIN) 32295
245 13 - MENCIÓN DE TÍTULO
Título La demografia y los recursos humanos del sur del Peru, /
Mención de responsabilidad, etc. por Richard P. Schaedel.
250 ## - MENCIÓN DE EDICIÓN
Mención de edición [1. ed.]
260 ## - PUBLICACIÓN, DISTRIBUCIÓN, ETC.
Lugar de publicación, distribución, etc. Mexico, :
Nombre del editor, distribuidor, etc. Instituto Indigenista Interamericano,
Fecha de publicación, distribución, etc. 1967.
300 ## - DESCRIPCIÓN FÍSICA
Extensión x, 129 p. :
Otras características físicas fold. map. ;
Dimensiones 19 cm.
490 1# - MENCIÓN DE SERIE
Mención de serie Serie antropologia social, 8
651 #0 - PUNTO DE ACCESO ADICIONAL DE MATERIA--NOMBRE GEOGRÁFICO
Nombre geográfico Peru
Subdivisión general Population.
9 (RLIN) 32296
810 2# - PUNTO DE ACCESO ADICIONAL DE SERIE--NOMBRE DE ENTIDAD CORPORATIVA
Nombre de entidad corporativa o nombre de jurisdicción como elemento de entrada Inter-American Indian Institute.
Título de la obra Serie antropologia social,
Designación de volumen o secuencia 8.
9 (RLIN) 28708
910 ## - DATOS DE OPCIÓN DEL USUARIO (OCLC)
Datos de opción del usuario DC
Existencias
Estado de retiro Estado de pérdida Restricciones de uso No para préstamo Código de colección Localización permanente Ubicación/localización actual Ubicación en estantería Fecha de adquisición Número de inventario Total de préstamos Signatura topográfica completa Código de barras Fecha visto por última vez Precio válido a partir de Tipo de ítem Koha
    Préstamo interno   Monografías: Libros y Folletos General General En catalogación 09.12.2009 LF1   301.3/29/85 14319-10 25.06.2020 25.06.2020 Préstamo interno

Con tecnología Koha